000 00741nam a2200241Ia 4500
003 OSt
005 20220923222011.0
006 a|||||r|||| 00| 0
007 ta
008 220922b |||||||| |||| 00| 0 hin d
024 _a201,588
037 _cTextual
040 _aARTS
_cARTS
_bhin
041 _2hin
_ahin
082 _aV2,41:2.N, M7
100 _aराय, एम0 पी0
245 0 _aभारतीय राजनैतिक व्यवस्था
246 _aBhāratīya rājanaitik vyavasthā
260 _aजयपुर
_b कालेज बुक डिपो
_c1987
300 _a648पृ.
_ccm.
942 _hV2,41:2.N, M7
_cTEXL
_2CC
999 _c353241
_d353241